Dr. Dobson answers your questions. (Record no. 14722)

000 -LEADER
fixed length control field 00818nam a2200229 a 4500
001 - CONTROL NUMBER
control field :::00012556$&:&@@
003 - CONTROL NUMBER IDENTIFIER
control field OkBaRHE
005 - DATE AND TIME OF LATEST TRANSACTION
control field 20001109192332.0
008 - FIXED-LENGTH DATA ELEMENTS--GENERAL INFORMATION
fixed length control field s1987 j 000 0 eng u
020 ## - INTERNATIONAL STANDARD BOOK NUMBER
International Standard Book Number 0842306528
040 ## - CATALOGING SOURCE
Transcribing agency
100 1# - MAIN ENTRY--PERSONAL NAME
Personal name Dobson, James C., 1936-
245 10 - TITLE STATEMENT
Title Dr. Dobson answers your questions.
260 ## - PUBLICATION, DISTRIBUTION, ETC. (IMPRINT)
Place of publication, distribution, etc Wheaton, IL. :
Name of publisher, distributor, etc Tyndale House Publishers
Date of publication, distribution, etc 1987
300 ## - PHYSICAL DESCRIPTION
Extent 527 p. : illus. ;
Dimensions 24 cm.
650 ## - SUBJECT ADDED ENTRY--TOPICAL TERM
Topical term or geographic name as entry element Child Rearing
General subdivision United States
-- Miscellanea
650 ## - SUBJECT ADDED ENTRY--TOPICAL TERM
Topical term or geographic name as entry element Conduct of Life
General subdivision Miscellanea
650 ## - SUBJECT ADDED ENTRY--TOPICAL TERM
Topical term or geographic name as entry element Family
General subdivision Religious Life
-- Miscellanea
942 ## - ADDED ENTRY ELEMENTS (KOHA)
Source of classification or shelving scheme
Koha item type Books
Copies
Full call number Date acquired Lost status Damaged status Not for loan Price effective from Withdrawn status Barcode Source of classification or shelving scheme Permanent Location Koha item type Copy number Date last seen Shelving location
HQ 769 .D5832010-04-14   2010-04-14 12556 RHEMA Bible Training CollegeBooks12010-04-14General Stacks
HQ 769 .D5832010-04-14   2010-04-14 18563 RHEMA Bible Training CollegeBooks22010-04-14General Stacks